• 首页
  • 本馆介绍
  • 公告通知
  • 最新文献
  • 馆藏检索
  • 电子资源
  • 读者导购
  • 参考咨询
  • 我的图书馆
  • 登录
  • 详细信息显示
  • 放入我的书架
  • 预约/预借图书
  • 作者相关作品
  • 分类相关作品
  • 丛书相关作品
  • 出版社相关作品

书目信息

  • 表格格式
  • 工作单格式
  • 卡片格式
题名:
中国司法公开新媒体应用研究报告
    
 
作者: 支振锋 著
分册: 2015   从庭审网络与微博视频直播切入
出版信息: 北京   中国社会科学出版社  2016
页数: 146页
开本: 26cm
丛书名:
单 册:
中图分类: D926.04
科图分类:
主题词: 传播媒介--chuan bo mei jie--影响--司法制度--研究报告--中国
电子资源:
ISBN: 978-7-5161-7773-0
000 01316nam0 22002531 450
001 0124140228
005 20170324140228.0
010    @a978-7-5161-7773-0@dCNY30.00
100    @a20160422d2016 em y0chiy50 ea
101 0  @achi@deng
102    @aCN@b110000
105    @ay z 000yy
106    @ar
200 1  @a中国司法公开新媒体应用研究报告@9zhong guo si fa gong kai xin mei ti ying yong yan jiu bao gao@h2015@i从庭审网络与微博视频直播切入@dReport on new media application in Chinese judicial transparency@h2015@iApproach from internet and Weibo live broadcasting judicial hearing@f支振锋著@zeng
210    @a北京@c中国社会科学出版社@d2016
215    @a146页@d26cm
300    @a国家智库报告 2016(7) 法治
330    @a本书以《中华人民共和国宪法》《中华人民共和国人民法院组织法》以及诉讼法和最高法院相关司法文件为依据,对人民法院近年来的庭审网络及微博视频直播状况进行了初步考察,并与西方发达国家相关司法公开制度和实践进行了比较。
510 1  @aReport on new media application in Chinese judicial transparency@h2015@iApproach from internet and Weibo live broadcasting judicial hearing@zeng
606 0  @a传播媒介@9chuan bo mei jie@x影响@x司法制度@x研究报告@y中国
690    @aD926.04@v5
701  0 @a支振锋@9zhi zhen feng@f(1978~)@4著
801  0 @aCN@bTANGWEI@c20170308
905    @b0962415-8@dD926.04@e668@f4
    
    中国司法公开新媒体应用研究报告.2015.从庭审网络与微博视频直播切入=Report on new media application in Chinese judicial transparency.2015.Approach from internet and Weibo live broadcasting judicial hearing/支振锋著.-北京:中国社会科学出版社,2016
    146页;26cm
    国家智库报告 2016(7) 法治
    
    ISBN 978-7-5161-7773-0:CNY30.00
    本书以《中华人民共和国宪法》《中华人民共和国人民法院组织法》以及诉讼法和最高法院相关司法文件为依据,对人民法院近年来的庭审网络及微博视频直播状况进行了初步考察,并与西方发达国家相关司法公开制度和实践进行了比较。
●
相关链接 在E读中查询图书 在五车中查询图书 在当当中查询图书 在豆瓣中查询图书


正题名:中国司法公开新媒体应用研究报告     索取号:D926.04/668         预约/预借

序号 登录号 条形码 馆藏地/架位号 状态 备注
1 0962415   209624156   第一样本阅览室/ [索取号:D926.04/668] 在馆    
2 0962416   209624165   密集书库-史法系/ [索取号:D926.04/668] 在馆    
3 0962417   209624174   第一借阅区/ [索取号:D926.04/668] 在馆    
4 0962418   209624183   第一借阅区/ [索取号:D926.04/668] 在馆    
唐山师范学院图书馆 欢迎您!
大连网信软件有限公司© 版权所有